Väkirikkaimmat Intian valtameren valtiot - Statistics

Yleistilastot
  • Tätä visaa on pelattu 1 040 kertaa
  • Keskiarvotulos 7 / 10
Vastaustilastot
Väkiluku Valtio % Oikein
1 322 280 000 Intia
99%
261 890 900 Indonesia
92%
69 037 513 Thaimaa
88%
163 269 000 Bangladesh
87%
209 167 000 Pakistan
87%
53 370 609 Myanmar
78%
80 488 800 Iran
73%
57 310 000 Tansania
48%
56 521 900 Etelä-Afrikka
43%
95 877 600 Egypti
38%
Ehtoja vastaavia visoja ei löytynyt
Tulosjakauma
Jokaisen tuloksen saaneiden osuus
Persentiili vastausten määrän mukaan
Tuloshistoriasi
Et ole pelannut tätä visaa